000 00577nam a2200205Ia 4500
008 240619s9999 xx 000 0 und d
035 _a3479
040 _aGS0142000
_bmon
_cMN-UlNLM
_dMN-UlNLM
_erda
041 _amon
042 _a4834
084 _2NNA
_a84(5Ян)
_bА-68
100 _aАояма К.
245 0 _aОдой өвгөний байшин
264 _aУлаанбаатар
_bАдмон ХХК
_c2009
300 _a32х.
336 _2rdacontent
_atext
_btxt
337 _2rdamedia
_aunmediated
_bn
338 _2rdacarrier
_avolume
_bnc
942 _2NNA
_cBK
999 _c898421
_d898478